|
|
|
|
| LEADER |
00962nam a2200241 a 4500 |
| 001 |
2927993 |
| 008 |
091027s1989 nyu b 001 0 eng d |
| 010 |
|
|
|a 89042527
|
| 020 |
|
|
|a 0465007856
|
| 020 |
|
|
|a 0465007848 :
|c $24.95
|
| 040 |
|
|
|a DLC
|c DLC
|d DLC
|
| 082 |
0 |
0 |
|a 353/.01
|2 20
|
| 100 |
1 |
|
|a Wilson, James Q.
|
| 245 |
1 |
0 |
|a Bureaucracy :
|b what government agencies do and why they do it /
|c James Q. Wilson.
|
| 260 |
|
|
|a New York :
|b Basic Books,
|c c1989.
|
| 300 |
|
|
|a xiv, 433 p. ;
|c 25 cm.
|
| 504 |
|
|
|a Includes bibliographical references (p. 379-408).
|
| 541 |
1 |
|
|e 00009757
|
| 650 |
|
0 |
|a Administrative agencies
|z United States.
|
| 650 |
|
0 |
|a Bureaucracy
|z United States.
|
| 852 |
4 |
|
|a Ayesha Abed Library
|j General Shelf.
|
| 999 |
|
|
|c 4887
|d 4887
|
| 952 |
|
|
|0 0
|1 0
|2 ddc
|4 0
|6 353_010000000000000_WIL_1989
|7 0
|9 4709
|a BRACUL
|b BRACUL
|c GEN
|d 2009-10-28
|g 0.00
|l 2
|m 3
|o 353.01 WIL
|p 3010009757
|r 2026-03-08
|s 2026-03-03
|t 1
|w 2009-10-28
|y BK
|x No price found in the accession register.
|